00357nam a2200133 a 4500008004100000050001600041100001900057245006200076250001100138260002800149300002100177350000900198700001600207120416s1982 ||||||||||||||||| || u aHG 3815 Man aEnsor, Richard10aManagement of foreign exchange riskcedited by Boris Antl a2nd ed aLondonbEuromoneyc1982 avii, 265p. : ill a0.00 aAntl, Boris